| 000 | 00699nam a2200229Ia 4500 | ||
|---|---|---|---|
| 003 | GCL | ||
| 008 | 140319s9999 xx 000 0 ara d | ||
| 040 |
_aGCL / _cGCL |
||
| 082 | 0 | 4 |
_a953.21 _bم ط |
| 100 | 1 | _aمحمد عودة | |
| 245 | 1 | 0 |
_aالطريق الى صنعاء / _cمحمد عودة |
| 250 | _aالاولى | ||
| 260 |
_aالقاهرة : _bدار المستقبل العربى ، _c1992 |
||
| 300 |
_a112ص ؛ _c19سم |
||
| 650 | 0 | 4 | _aمصر |
| 650 | 0 | 4 | _aاليمن |
| 650 | 0 | 4 | _aالقوات المسلحة |
| 650 | 0 | 4 | _aعبدالله السلال |
| 650 | 0 | 4 | _aجمال عبدالناصر |
| 650 | 0 | 4 | _aاليمن - المنازعات الدولية |
| 942 |
_2ddc _cBK |
||
| 999 |
_c31562 _d31562 |
||